| 000 | 00738cam a22002534a 4500 | ||
|---|---|---|---|
| 999 |
_c127327 _d127327 |
||
| 003 | UPN | ||
| 005 | 20240806063817.0 | ||
| 008 | 080404s2007 mx a r 000 f spa d | ||
| 020 | _a9789706439987 | ||
| 035 | _aUPN01000155211 | ||
| 040 |
_aUPN _bspa _cUPN |
||
| 049 | _aI | ||
| 050 | 4 |
_aPQ2226 _bD8.2 |
|
| 100 | 1 |
_aDumas, Alexandre, _d1802-1870 _927901 |
|
| 245 | 1 | 3 |
_aEl Conde de Montecristo / _cAlejandro Dumas ; adaptación de Blanca Martínez-Fernández. |
| 260 |
_aMéxico : _bSelector, _c2007. |
||
| 300 |
_a96 p. : _bil. |
||
| 490 | _aClásicos juveniles | ||
| 500 | _aAdaptación de la obra original | ||
| 650 | 4 |
_aNovela francesa _98238 |
|
| 650 | 4 |
_aLiteratura juvenil _95153 |
|
| 905 | _aInfantil | ||
| 942 |
_2lcc _cLIBRO |
||